U.S. States by Landform Quiz - Statistics

General Stats
  • This quiz has been taken 26,861 times
  • The average score is 21 of 35
Answer Stats
Landform State % Correct
Long Island New York
98%
Great Salt Lake Utah
95%
Grand Canyon Arizona
91%
The Everglades Florida
88%
Niagara Falls New York
83%
Key West Florida
82%
Mauna Loa Hawaii
81%
Hudson River New York
78%
San Andreas Fault California
77%
Mississippi River Delta Louisiana
77%
Mount St. Helens Washington
75%
Mount Rainier Washington
74%
Cape Cod Massachusetts
73%
Aleutian Islands Alaska
66%
Monterey Bay California
64%
Black Hills Mountains South Dakota
63%
Yukon River Alaska
61%
Puget Sound Washington
59%
Mobile Bay Alabama
58%
Galveston Bay Texas
57%
Grand Teton Mountain Wyoming
53%
Pikes Peak Colorado
52%
Crater Lake Oregon
50%
Outer Banks North Carolina
48%
Lake Okeechobee Florida
47%
Mammoth Cave Kentucky
42%
Bryce Canyon Utah
41%
Mackinac Island Michigan
40%
San Andres Mountains New Mexico
38%
Brazos River Texas
38%
Mount Whitney California
37%
Sandusky River Ohio
36%
Lake Winnebago Wisconsin
29%
Cape Fear River North Carolina
26%
Cumberland Island Georgia
19%
No matching quizzes found
Score Distribution
Percent of People with Each Score
Percentile by Number Answered
Your Score History
You have not taken this quiz